000 00572nam a2200205Ia 4500
005 20250508161418.0
008 008 250505s9999 xx 000 0 eng d
037 _aTextual
040 _aFEDL
_beng
_cFEDL
041 _aeng
_2eng
084 _a155.5, SHA
_qFEDL
100 _aShacter Helen
_9759165
245 0 _aInto your teens
260 _aChicago
_bScott, Foresman And Company
300 _a352p
650 _aChild psychology
700 _a Jenkins Gladys Gardner Bauer W. W.
_9770697
942 _cTEXL
_h155.5, SHA
999 _c1369889
_d1369889